[Event "FRA-chT Top 12"]
[Site "Montpellier"]
[Date "2015.06.04"]
[Round "5.4"]
[White "Savina, Anastasia"]
[Black "So, Wesley"]
[Result "0-1"]
[WhiteElo "2422"]
[BlackElo "2778"]
[PlyCount "68"]
[EventDate "2015.05.30"]
[EventType "team-tourn"]
[EventRounds "11"]
[EventCountry "FRA"]
[SourceTitle "CBM 166 Extra"]
[Source "ChessBase"]
[SourceDate "2015.06.18"]
[SourceVersion "1"]
[SourceVersionDate "2015.06.18"]
[SourceQuality "1"]
[WhiteTeam "Vandoeuvre"]
[BlackTeam "Clichy-Echecs 92"]
[WhiteTeamCountry "FRA"]
[BlackTeamCountry "FRA"]

1. d4 Nf6 2. c4 g6 3. Nc3 d5 4. cxd5 Nxd5 5. Bd2 Nb6 6. e3 Bg7 7. f4 {Une
idée récente} c5 (7... O-O 8. Nf3 Bg4 9. h3 Bxf3 10. Qxf3 N8d7 11. O-O-O e6
12. Kb1 c5 13. dxc5 Nxc5 14. e4 Qe7 15. Be2 Rad8 16. Rhe1 Rd4 17. e5 f6 18. Nb5
Rd5 19. Bb4 fxe5 20. Qa3 Nbd7 21. Bg4 Rxf4 22. Rxd5 exd5 23. Nc3 Rf7 24. Nxd5
Qd6 25. Rd1 b6 26. Qxa7 e4 27. Bxd7 e3 28. Nxe3 Qe5 29. Qa8+ {1-0 (29)
Kasimdzhanov,R (2705)-Svidler,P (2739) Tbilisi 2015}) 8. dxc5 N6d7 9. Na4 (9.
Ne4) 9... e5 $1 $11 10. Nf3 exf4 11. exf4 O-O 12. Be2 Qe7 $146 (12... b6 13.
O-O Nxc5 14. Nxc5 bxc5 15. Bc3 Bxc3 16. bxc3 Nd7 17. Rb1 Nb6 18. Ne5 Bf5 19.
Rb5 Qc7 20. Bg4 Rad8 21. Qf3 f6 22. Bxf5 gxf5 23. Nc4 Kh8 24. Nxb6 axb6 25.
Rfb1 Rd6 26. a4 Qd8 27. h3 Rg8 28. R1b2 Rd3 29. Qh5 Rxc3 30. Qxf5 Qd4+ 31. Kh2
Rc1 32. Rf2 Qa1 {0-1 (32) Wang,H (2735)-Giri,A (2734) Beijing 2013}) 13. O-O
Nxc5 14. Nxc5 Qxc5+ 15. Kh1 Nc6 16. Rc1 Qb6 17. Bc4 (17. b4 Nxb4 (17... a6 18.
a4 Bf5 19. b5) 18. Rb1) (17. b3) 17... Bxb2 18. Ng5 Bf5 19. Rc3 Bxc3 20. Bxc3
h6 21. Qa1 Rad8 22. Nf3 Kh7 23. Qe1 Qc5 24. Bb3 f6 25. Bb2 Bg4 26. Nh4 Bf5 27.
Nxf5 Qxf5 28. Qf2 Qa5 29. Qg3 Nd4 30. Ba3 Qb5 31. Rg1 Ne2 32. Qe1 Rfe8 33. Bf7
Nxg1 34. Bxe8 Qxe8 0-1

[Event "FRA-chT Top 12"]
[Site "Montpellier"]
[Date "2015.??.??"]
[Round "6.2"]
[White "So, Wesley"]
[Black "Edouard, Romain"]
[Result "1/2-1/2"]
[WhiteElo "2778"]
[BlackElo "2627"]
[PlyCount "147"]
[EventDate "2015.05.30"]
[EventType "team-tourn"]
[EventRounds "11"]
[EventCountry "FRA"]
[SourceTitle "CBM 166 Extra"]
[Source "ChessBase"]
[SourceDate "2015.06.18"]
[SourceVersion "1"]
[SourceVersionDate "2015.06.18"]
[SourceQuality "1"]
[WhiteTeam "Clichy-Echecs 92"]
[BlackTeam "Bischwiller"]
[WhiteTeamCountry "FRA"]
[BlackTeamCountry "FRA"]

1. d4 d5 2. Nf3 Nf6 3. c4 dxc4 4. e3 e6 5. Bxc4 c5 6. O-O (6. Qe2 cxd4 7. exd4
Nc6 8. O-O (8. Nc3 Nxd4 9. Nxd4 Qxd4 10. O-O $13)) 6... a6 7. dxc5 {Le Top GMI
veut jouer une partie technique mais le français devait être assez content
du choix de son adversaire} (7. a4) (7. Bd3) (7. Bb3) 7... Qxd1 8. Rxd1 Bxc5 9.
Be2 (9. Nbd2) (9. a3 {[%cal Gb2b4]}) 9... b6 10. Nbd2 Bb7 11. Nc4 (11. Nb3 Be7
12. Nfd4) 11... Nbd7 12. Nd4 O-O (12... Bd5 13. Nb3 Be7 14. Bd2 O-O 15. f3 Rfc8
16. Rac1 e5 17. e4 Be6 18. Be3 a5 19. Nd6 Rxc1 20. Nxc1 Nc5 21. Nb5 Rc8 22. Nc3
Kf8 23. Kf2 Rd8 24. Rxd8+ Bxd8 25. b3 Nfd7 26. Nd3 Ke7 27. Nb2 f5 28. Bc4 fxe4
29. fxe4 Bxc4 30. Nxc4 Ke6 31. Kf3 h5 32. g3 Nb7 33. h3 g6 34. Ke2 Nbc5 35. Kf3
Nb7 36. a3 Nd6 37. Nxd6 Kxd6 38. b4 axb4 39. axb4 Ke6 40. b5 Be7 41. Na4 Bd8
42. Ke2 {Jakovenko,D (2725)-Rublevsky,S (2704) Poikovsky 2010 1/2-1/2}) 13. Nb3
Be7 14. f3 Rad8 (14... Rfd8 {[%cal Ga8c8]}) 15. Kf2 $146 (15. e4 Nc5 16. Be3
Nxb3 17. axb3 b5 18. Rxd8 Rxd8 19. Na5 Ba8 20. Rc1 Kf8 21. Nc6 Rc8 22. Nxe7
Rxc1+ 23. Bxc1 Kxe7 24. Kf2 Nd7 25. Be3 f5 26. exf5 exf5 27. Bd4 Nf6 28. Bd3
Ke6 29. Bc2 g6 30. g3 Nd7 31. Ke3 Ne5 32. Bd1 Bd5 33. h4 h6 34. Bc3 g5 35. hxg5
hxg5 36. Bxe5 Kxe5 37. f4+ gxf4+ 38. gxf4+ Kd6 39. b4 Be4 40. Kd4 Bd5 41. Bc2
Be6 42. Bb1 Bd7 43. Ba2 Bc6 44. Ke3 Bb7 {Kazakovskiy,V (2354)-Sakalauskas,V 
(2384) Lithuania 2015 1/2-1/2 (61)}) 15... Ba8 16. Bd2 Nd5 17. e4 Nb4 18. a3
Nc6 19. Be3 b5 20. Nca5 Nxa5 21. Nxa5 Ne5 22. Nb3 Rxd1 23. Rxd1 Rc8 24. Bd4 Nc4
25. Rc1 f5 26. exf5 exf5 27. Na5 Bd5 28. Nxc4 bxc4 {Les Blancs ont obtenu un
tout petit affaiblissement de l'aile-dame mais difficile à exploiter.} 29. Rd1
Be6 30. f4 Kf7 31. Bf3 Rb8 32. Rd2 Bf6 33. Bxf6 Kxf6 34. Ke3 Rb3+ (34... a5)
35. Kd4 c3 36. bxc3 Rxa3 37. c4 $14 {[%csl Gc4,Gd4]} a5 38. Bd5 a4 39. Rb2 (39.
g3) 39... Bxd5 40. cxd5 Ra1 41. Rb6+ Kf7 42. Ke5 a3 43. Ra6 a2 44. Kxf5 g6+ 45.
Kg4 h6 46. g3 Kg7 47. Ra7+ Kf6 48. Ra6+ Kg7 49. Ra8 Kf7 50. Ra5 Kg7 51. Ra6 Rd1
52. Rxa2 h5+ $1 {Gagne un tempo important sur le K pour jouer la bonne
structure en finale de R avec 3/2 P} 53. Kh4 Rxd5 54. Ra7+ Kh6 55. Ra6 Rd2 56.
Kh3 Rf2 57. Ra7 Rb2 58. Re7 Ra2 59. Re6 Rf2 60. Rd6 Kg7 61. Kh4 Kh6 62. Kh3 Kg7
63. Rd7+ Kh6 64. Rf7 Ra2 65. Re7 Rb2 66. Re1 Ra2 67. Rb1 Rc2 68. Rb6 Rf2 69.
Re6 Kg7 70. Kh4 Kh6 71. h3 Rf1 72. Rf6 Rf2 73. Rf8 Rf3 74. Rf6 1/2-1/2

[Event "FRA-chT Top 12"]
[Site "Montpellier"]
[Date "2015.06.05"]
[Round "7.2"]
[White "Cossin, Sebastien"]
[Black "So, Wesley"]
[Result "1/2-1/2"]
[WhiteElo "2516"]
[BlackElo "2778"]
[PlyCount "101"]
[EventDate "2015.05.30"]
[EventType "team-tourn"]
[EventRounds "11"]
[EventCountry "FRA"]
[SourceTitle "CBM 166 Extra"]
[Source "ChessBase"]
[SourceDate "2015.06.18"]
[SourceVersion "1"]
[SourceVersionDate "2015.06.18"]
[SourceQuality "1"]
[WhiteTeam "Chalons-en-champagne"]
[BlackTeam "Clichy-Echecs 92"]
[WhiteTeamCountry "FRA"]
[BlackTeamCountry "FRA"]

1. d4 Nf6 2. c4 g6 3. f3 d5 4. cxd5 Nxd5 5. e4 Nb6 6. Nc3 Bg7 7. Be3 O-O 8. Qd2
Nc6 9. O-O-O Qd6 (9... f5 10. e5 Nb4 11. Nh3 a5 12. a3 N4d5 13. Nf4 Nxf4 14.
Bxf4 Nd5 15. h4 h5 16. Bc4 Be6 17. Bg5 c6 18. Kb1 Nxc3+ 19. Qxc3 Qd7 20. Rd3
Rfd8 21. g4 fxg4 22. fxg4 hxg4 23. Rg3 b5 24. Bxe6+ Qxe6 25. Rhg1 b4 26. Qc5
bxa3 27. Rxa3 Rab8 28. Rc3 Qf5+ 29. Rc2 Rb4 30. Be3 Rdb8 31. Bc1 a4 32. Ka1 a3
33. bxa3 Rxd4 34. Bb2 Re4 35. Qxc6 Rxe5 36. Qc4+ Kh7 37. h5 Rxb2 38. hxg6+ Kh6
39. Rxb2 {Le,Q (2676)-Li,C (2721) Ho Chi Minh City 2015 0-1}) (9... e5) 10. h4
Rd8 11. Nb5 Qd7 12. h5 a6 13. Nc3 Bxd4 14. hxg6 fxg6 15. Bxd4 Qxd4 16. Qf4 Qf6
17. Rxd8+ Nxd8 18. Qxc7 $146 (18. Qh2 h5 19. Qxc7 Bd7 20. Nge2 Rc8 21. Qg3 Na4
22. Kb1 Qb6 23. Nxa4 Bxa4 24. Qe5 Qe3 25. b3 Bb5 26. Qd5+ e6 27. Qd1 Bd3+ {
0-1 (27) Santiago,Y (2451)-Ragger,M (2646) Graz 2014}) 18... Bd7 19. Qh2 Qf7
20. Nh3 Bxh3 21. Qxh3 Ne6 22. Kb1 Rd8 23. Qh6 Nf4 24. Qg5 Qf6 25. Qh6 Qf7 26.
Qg5 Rf8 {Les Noirs évitent la répétition de position mais au risque de
forcer une position inférieure} 27. g3 Ne6 28. Qh6 (28. Qg4 $5 {[%cal Gg4e6,
Gf3f4]} Rd8 29. f4 $14) 28... Qg7 29. Qe3 Qd4 30. Qxd4 Nxd4 31. f4 e5 32. fxe5
Nf3 33. Bh3 Nxe5 34. Rf1 Rxf1+ 35. Bxf1 Kf7 36. Kc2 Ke6 37. b4 Nc6 38. a3 Ke5
39. Kd3 Nd4 $15 40. Bh3 h5 41. Nd5 Nxd5 42. exd5 Nf5 43. g4 hxg4 44. Bxg4 b5
45. Bd1 Kxd5 46. a4 Ke5 47. axb5 axb5 48. Bf3 Nd4 49. Bg4 Ne6 50. Ke3 Nc7 51.
Be2 1/2-1/2

[Event "FRA-chT Top 12"]
[Site "Montpellier"]
[Date "2015.06.06"]
[Round "8.1"]
[White "Demuth, Adrien"]
[Black "So, Wesley"]
[Result "0-1"]
[WhiteElo "2515"]
[BlackElo "2778"]
[Annotator "Edouard,R"]
[PlyCount "80"]
[EventDate "2015.05.30"]
[EventType "team-tourn"]
[EventRounds "11"]
[EventCountry "FRA"]
[SourceTitle "CBM 166 Extra"]
[Source "ChessBase"]
[SourceDate "2015.06.18"]
[SourceVersion "1"]
[SourceVersionDate "2015.06.18"]
[SourceQuality "1"]
[WhiteTeam "Poitiers Migne"]
[BlackTeam "Clichy-Echecs 92"]
[WhiteTeamCountry "FRA"]
[BlackTeamCountry "FRA"]

1. Nf3 d5 2. c4 d4 3. b4 f6 4. e3 e5 5. c5 a5 6. Qa4+ Nc6 $146 (6... Bd7 7. b5
Bxc5 8. Bc4 Ne7 9. exd4 exd4 10. Bb2 Bg4 11. Nxd4 Qd6 12. Ne2 Nd7 13. Nbc3 Bf5
14. Qb3 Ne5 15. Na4 Bd3 16. Be6 Bb4 17. Nd4 c5 18. a3 cxd4 19. axb4 Bxb5 20.
Nc5 b6 21. f4 bxc5 22. fxe5 Qxe5+ 23. Kd1 Qe2+ 24. Kc1 cxb4 25. Bxd4 Ra6 26.
Be3 a4 {0-1 (26) Ramirez,A (2587)-Edouard,R (2639) Arlington 2015}) 7. b5 Nb4
8. a3 Nd5 9. exd4 exd4 10. Qxd4 Qe7+ 11. Be2 Qxc5 $132 {was also fine for Black
} 12. O-O Qxd4 13. Nxd4 Bc5 14. Bb2 Nge7 15. Bc4 Bd7 16. Re1 Nb6 17. Bb3 O-O-O
18. Ne6 Bxe6 19. Bxe6+ Kb8 20. Bc3 Bd4 21. Ra2 Bxc3 22. dxc3 Ng6 23. Kf1 Nf4
24. g3 Nxe6 25. Rxe6 Rd5 26. a4 Rd1+ 27. Re1 Rxe1+ 28. Kxe1 Re8+ 29. Kd2 Re4
30. Kd3 Rxa4 31. Re2 Ra1 32. Nd2 a4 33. c4 Rc1 34. Kd4 a3 35. c5 a2 36. Nb3
Rc4+ 37. Kd3 Rxc5 38. Rxa2 Rxb5 39. Nd4 Rd5 40. Kc3 Re5 0-1

[Event "FRA-chT Top 12"]
[Site "Montpellier"]
[Date "2015.06.07"]
[Round "9.1"]
[White "So, Wesley"]
[Black "Sasikiran, Krishnan"]
[Result "1-0"]
[WhiteElo "2778"]
[BlackElo "2642"]
[PlyCount "98"]
[EventDate "2015.05.30"]
[EventType "team-tourn"]
[EventRounds "11"]
[EventCountry "FRA"]
[SourceTitle "CBM 166 Extra"]
[Source "ChessBase"]
[SourceDate "2015.06.18"]
[SourceVersion "1"]
[SourceVersionDate "2015.06.18"]
[SourceQuality "1"]
[WhiteTeam "Clichy-Echecs 92"]
[BlackTeam "Grasse Echecs"]
[WhiteTeamCountry "FRA"]
[BlackTeamCountry "FRA"]

1. Nf3 Nf6 2. c4 e6 3. Nc3 d5 4. d4 Be7 5. Bf4 O-O 6. e3 Nbd7 7. a3 (7. c5 Ne4
8. Nxe4 dxe4 9. Ne5 Nxe5 10. Bxe5 Bd7 11. Bc4 Bc6 12. Qe2 Bf6 13. Bg3 Rc8 14.
b4 Qd7 15. a4 Rfd8 16. O-O Bd5 17. Rfc1 c6 18. Bd6 Bxc4 19. Qxc4 Be7 20. Be5
Qd5 21. Rab1 f6 22. Bg3 Qxc4 23. Rxc4 Kf7 24. Kf1 e5 25. dxe5 f5 26. Ke2 Ke6
27. f3 Rd3 28. fxe4 fxe4 29. Rxe4 Rcd8 30. b5 Rd2+ 31. Kf3 g5 32. bxc6 bxc6 33.
Reb4 h5 34. R4b2 Kf5 35. e4+ Ke6 36. Rxd2 Rxd2 {Eljanov,P (2718)-Andreikin,D 
(2718) Havana 2015 1/2-1/2}) 7... a6 8. c5 Ne4 9. Rc1 $146 (9. Bd3 f5 10. Ne5
Nxc3 11. bxc3 Nxe5 12. Bxe5 b6 13. cxb6 cxb6 14. O-O Bd7 15. c4 Bc6 16. Qb3 b5
17. cxb5 Bxb5 18. Rfc1 Ra7 19. Bxb5 axb5 20. Qxb5 Rxa3 21. Qc6 Kf7 22. Rxa3
Bxa3 23. Qb7+ Be7 24. Rc7 Re8 25. g3 Kf8 26. Kg2 Kf7 27. Rd7 Qa5 28. Bd6 {
1-0 (28) Agrest,E (2545)-Gouret,T (2275) Bastia 1998}) 9... f5 (9... g5 $5) 10.
h3 c6 (10... Nxc3 11. Rxc3 Nf6) 11. Bd3 Bf6 12. Na4 Ng5 13. Nxg5 Bxg5 14. b4
Bf6 15. Bd6 Be7 16. Bh2 Rf7 17. O-O g6 18. Kh1 Bf6 19. f3 Bg7 20. Qd2 e5 (20...
Bh6) 21. e4 $1 {Pour profiter de l'avance de développement, les Blancs
doivent ouvrir le centre} f4 22. exd5 cxd5 23. Bc2 exd4 24. Bb3 Ne5 25. Nb6 Be6
26. Nxa8 Qxa8 27. Qxd4 Nxf3 28. Qd3 Nxh2 29. Kxh2 Rf5 30. Rcd1 Bf7 31. Qf3 Qd8
32. Rd3 Qd7 33. Kh1 h5 34. Rfd1 d4 35. Re1 Bxb3 36. Rxb3 Kh7 37. Re4 Qf7 38.
Rb1 g5 $6 39. Rbe1 g4 40. Qd3 Kh6 41. Re6+ Kg5 42. Re7 Qf8 43. Re8 Qf7 44. R1e7
Qf6 45. Re6 Qf7 46. R8e7 Qf8 47. Rxg7+ Qxg7 48. h4+ Kxh4 49. Qxf5 Kg3 1-0

[Event "FRA-chT Top 12"]
[Site "Montpellier"]
[Date "2015.06.09"]
[Round "11.1"]
[White "Navara, David"]
[Black "So, Wesley"]
[Result "1/2-1/2"]
[WhiteElo "2751"]
[BlackElo "2778"]
[PlyCount "54"]
[EventDate "2015.05.30"]
[EventType "team-tourn"]
[EventRounds "11"]
[EventCountry "FRA"]
[SourceTitle "CBM 166 Extra"]
[Source "ChessBase"]
[SourceDate "2015.06.18"]
[SourceVersion "1"]
[SourceVersionDate "2015.06.18"]
[SourceQuality "1"]
[WhiteTeam "Mulhouse Philidor"]
[BlackTeam "Clichy-Echecs 92"]
[WhiteTeamCountry "FRA"]
[BlackTeamCountry "FRA"]

1. Nf3 d5 2. d4 Nf6 3. c4 e6 4. Nc3 c6 5. e3 Nbd7 6. Qc2 Bd6 7. Bd3 O-O 8. O-O
e5 9. cxd5 cxd5 10. e4 exd4 11. Nxd5 Nxd5 12. exd5 h6 13. b3 (13. Nxd4 Qh4 14.
Nf3 Qh5 15. Bh7+ Kh8 16. Qf5 Qxf5 17. Bxf5 Nf6 18. Bxc8 Rfxc8 19. Be3 Rd8 20.
Rfd1 Be7 21. d6 Rxd6 22. Re1 Bd8 23. Kf1 Kg8 24. Rad1 Rxd1 25. Rxd1 Bc7 26. Bd4
Ne8 27. Ke2 a6 28. Bc3 Nd6 29. Rd5 f6 30. Kd3 Re8 31. Bd4 Kf7 32. Be3 {1/2-1/2
(32) Vachier Lagrave,M (2754)-Giri,A (2776) Khanty-Mansiysk 2015}) 13... Nf6
14. Bb2 Nxd5 15. Qc4 Nb4 $146 (15... Nf6 16. Qxd4 Bc7 17. Bc4 Qxd4 18. Nxd4 a6
19. Rfe1 b5 20. Be2 Ba5 21. Red1 Bb7 22. Nf5 Rfe8 23. Bxf6 Rxe2 24. Bxg7 Kh7
25. Bd4 Kg6 26. Ne3 f5 27. Kf1 Rd2 28. Bb6 Bb4 29. Rxd2 Bxd2 30. Rd1 Bb4 31.
Rd7 Be4 32. f3 Bb1 33. Bd4 Bf8 34. Nd5 Bxa2 35. Nf4+ Kg5 36. g3 h5 37. Rh7 {
1-0 (37) Yuffa,D (2471)-Ovod,E (2325) Moscow 2015}) 16. Rad1 Nxd3 17. Rxd3 Be7
18. Nxd4 {[%cal Gd3d8]} Qb6 $1 $11 19. Nb5 Be6 20. Qd4 Qxd4 21. Bxd4 Rfc8 $1
22. Bxa7 Rc2 23. Be3 Bf5 (23... Raxa2) 24. Rd5 Be6 25. Rd3 Bf5 26. Rd5 Be6 27.
Rdd1 Bg4 1/2-1/2

[Event "TUR-chT"]
[Site "Kocaeli"]
[Date "2015.08.05"]
[Round "2.1"]
[White "So, Wesley"]
[Black "Volkov, Sergey"]
[Result "1-0"]
[WhiteElo "2779"]
[BlackElo "2589"]
[PlyCount "45"]
[EventDate "2015.08.04"]
[EventType "team-tourn"]
[EventRounds "13"]
[EventCountry "TUR"]
[SourceTitle "CBM 167 Extra"]
[Source "ChessBase"]
[SourceDate "2015.09.14"]
[SourceVersion "1"]
[SourceVersionDate "2015.09.14"]
[SourceQuality "1"]
[WhiteTeam "Deniz Su Aquamatch"]
[BlackTeam "Kocaeli Buyuksehir"]
[WhiteTeamCountry "TUR"]
[BlackTeamCountry "TUR"]

1. e4 e6 2. d4 d5 3. Nc3 Nf6 4. e5 Nfd7 5. f4 c5 6. Nf3 Nc6 7. Be3 a6 8. Qd2 b5
9. dxc5 Bxc5 10. Bd3 Qb6 11. Bf2 Bb7 12. O-O Rc8 13. Rae1 g6 14. f5 gxf5 15.
Bxf5 Bxf2+ 16. Rxf2 Na5 17. Qh6 d4 18. Ne4 exf5 19. Nd6+ Kd8 20. Nxf7+ Kc7 21.
e6 Bxf3 22. Qf4+ Kb7 23. exd7 1-0

[Event "TUR-chT"]
[Site "Kocaeli"]
[Date "2015.08.06"]
[Round "3.7"]
[White "Yilmaz, Mustafa"]
[Black "So, Wesley"]
[Result "1/2-1/2"]
[WhiteElo "2582"]
[BlackElo "2779"]
[PlyCount "107"]
[EventDate "2015.08.04"]
[EventType "team-tourn"]
[EventRounds "13"]
[EventCountry "TUR"]
[SourceTitle "CBM 167 Extra"]
[Source "ChessBase"]
[SourceDate "2015.09.14"]
[SourceVersion "1"]
[SourceVersionDate "2015.09.14"]
[SourceQuality "1"]
[WhiteTeam "Hatay Buyuksehir"]
[BlackTeam "Deniz Su Aquamatch"]
[WhiteTeamCountry "TUR"]
[BlackTeamCountry "TUR"]

1. Nf3 d5 2. d4 Nf6 3. c4 c6 4. Nc3 e6 5. e3 Nbd7 6. Qc2 Bd6 7. Bd3 dxc4 8.
Bxc4 b5 9. Be2 O-O 10. O-O a6 11. Ng5 Qc7 12. e4 Bxh2+ 13. Kh1 c5 14. e5 cxd4
15. exf6 Nxf6 16. f4 Bg3 17. Qd3 dxc3 18. Qxg3 h6 19. Nh3 Ne4 20. Qe3 Bb7 21.
Nf2 Nxf2+ 22. Rxf2 Rfc8 23. a3 Qa5 24. Qd4 c2 25. b4 Qd8 26. Qxd8+ Rxd8 27. Be3
a5 28. Rff1 axb4 29. axb4 Ra4 30. Rac1 Ra3 31. Bf2 Rd2 32. Bxb5 Rb3 33. Ba4 Rb2
34. b5 Ra2 35. Bb3 Rb2 36. Ba4 Be4 37. b6 Ra2 38. Bb5 Ra5 39. Be1 Bxg2+ 40. Kg1
Rxb5 41. Bxd2 Bxf1 42. Kxf1 Rxb6 43. Rxc2 Rb5 44. Rc7 g5 45. fxg5 hxg5 46. Be3
Rf5+ 47. Kg2 Kg7 48. Rc5 e5 49. Rc6 f6 50. Rc4 Kg6 51. Ra4 Kh5 52. Ra8 Kg6 53.
Ra4 Kf7 54. Ra7+ 1/2-1/2

[Event "TUR-chT"]
[Site "Kocaeli"]
[Date "2015.08.07"]
[Round "4.1"]
[White "Moiseenko, Alexander"]
[Black "So, Wesley"]
[Result "1/2-1/2"]
[WhiteElo "2710"]
[BlackElo "2779"]
[PlyCount "41"]
[EventDate "2015.08.04"]
[EventType "team-tourn"]
[EventRounds "13"]
[EventCountry "TUR"]
[SourceTitle "CBM 167 Extra"]
[Source "ChessBase"]
[SourceDate "2015.09.14"]
[SourceVersion "1"]
[SourceVersionDate "2015.09.14"]
[SourceQuality "1"]
[WhiteTeam "Kayseri Seker"]
[BlackTeam "Deniz Su Aquamatch"]
[WhiteTeamCountry "TUR"]
[BlackTeamCountry "TUR"]

1. d4 d5 2. c4 dxc4 3. Nf3 a6 4. e3 b5 5. a4 Bb7 6. b3 e6 7. axb5 axb5 8. Rxa8
Bxa8 9. bxc4 bxc4 10. Bxc4 Nf6 11. O-O Be7 12. Qa4+ Nbd7 13. Ne5 O-O 14. Nc6
Bxc6 15. Qxc6 Qa8 16. Qxa8 Rxa8 17. Nd2 c5 18. Bb2 Rb8 19. Rb1 cxd4 20. Bxd4
Rxb1+ 21. Nxb1 1/2-1/2

[Event "TUR-chT"]
[Site "Kocaeli"]
[Date "2015.08.08"]
[Round "6.2"]
[White "Kuzubov, Yuriy"]
[Black "So, Wesley"]
[Result "1/2-1/2"]
[WhiteElo "2638"]
[BlackElo "2779"]
[PlyCount "41"]
[EventDate "2015.08.04"]
[EventType "team-tourn"]
[EventRounds "13"]
[EventCountry "TUR"]
[SourceTitle "CBM 167 Extra"]
[Source "ChessBase"]
[SourceDate "2015.09.14"]
[SourceVersion "1"]
[SourceVersionDate "2015.09.14"]
[SourceQuality "1"]
[WhiteTeam "Tarsus Zeka"]
[BlackTeam "Deniz Su Aquamatch"]
[WhiteTeamCountry "TUR"]
[BlackTeamCountry "TUR"]

1. d4 Nf6 2. c4 e6 3. Nf3 d5 4. g3 Be7 5. Bg2 O-O 6. O-O dxc4 7. Qc2 a6 8. a4
Bd7 9. Qxc4 Bc6 10. Bf4 Bd6 11. Bg5 Nbd7 12. Nc3 h6 13. Bxf6 Nxf6 14. Nd2 Bxg2
15. Kxg2 a5 16. Nde4 Nxe4 17. Nxe4 Bb4 18. Rac1 c6 19. Nc5 Bxc5 20. Qxc5 Qc7
21. Rfd1 1/2-1/2

[Event "TUR-chT"]
[Site "Kocaeli"]
[Date "2015.08.12"]
[Round "9.5"]
[White "So, Wesley"]
[Black "Mamedov, Nidjat"]
[Result "1-0"]
[WhiteElo "2779"]
[BlackElo "2597"]
[PlyCount "123"]
[EventDate "2015.08.04"]
[EventType "team-tourn"]
[EventRounds "13"]
[EventCountry "TUR"]
[SourceTitle "CBM 167 Extra"]
[Source "ChessBase"]
[SourceDate "2015.09.14"]
[SourceVersion "1"]
[SourceVersionDate "2015.09.14"]
[SourceQuality "1"]
[WhiteTeam "Deniz Su Aquamatch"]
[BlackTeam "Calli"]
[WhiteTeamCountry "TUR"]
[BlackTeamCountry "TUR"]

1. c4 e6 2. Nc3 d5 3. d4 Nf6 4. Nf3 c5 5. cxd5 Nxd5 6. e4 Nxc3 7. bxc3 cxd4 8.
cxd4 Bb4+ 9. Bd2 Bxd2+ 10. Qxd2 O-O 11. Bc4 b6 12. O-O Bb7 13. Rfe1 Nd7 14. a4
Rc8 15. Bd3 Qc7 16. a5 h6 17. Ra3 Qd6 18. Qb2 Rc7 19. axb6 axb6 20. Nd2 Rfc8
21. h3 b5 22. Rb3 e5 23. Nf3 exd4 24. Nxd4 Nc5 25. Nxb5 Qb6 26. Nxc7 Qxb3 27.
Qxb3 Nxb3 28. Nb5 Rc1 29. Rxc1 Nxc1 30. Bb1 Ba6 31. Nd6 Kf8 32. Nf5 Ne2+ 33.
Kh2 Bc8 34. Ne3 Be6 35. Bd3 Nc3 36. f4 f6 37. Kg3 Ke7 38. Kf3 Kd6 39. h4 Kc5
40. Ba6 Kd4 41. Nc2+ Kc5 42. Ne3 Kd4 43. Bb7 Nb5 44. Bd5 Bxd5 45. Nf5+ Kc5 46.
exd5 g6 47. Nxh6 f5 48. Nf7 Nd4+ 49. Ke3 Kxd5 50. Nh8 Ne6 51. Nxg6 Ng7 52. Kf3
Ke6 53. Ne5 Kf6 54. Nc4 Nh5 55. Ne3 Ng7 56. h5 Ne6 57. Kg3 Nf8 58. Kh4 Ne6 59.
g3 Nf8 60. Nd5+ Ke6 61. Kg5 Kxd5 62. Kxf5 1-0

[Event "TUR-chT"]
[Site "Kocaeli"]
[Date "2015.08.13"]
[Round "11.4"]
[White "So, Wesley"]
[Black "Harikrishna, Pentala"]
[Result "1/2-1/2"]
[WhiteElo "2779"]
[BlackElo "2740"]
[PlyCount "111"]
[EventDate "2015.08.04"]
[EventType "team-tourn"]
[EventRounds "13"]
[EventCountry "TUR"]
[SourceTitle "CBM 167 Extra"]
[Source "ChessBase"]
[SourceDate "2015.09.14"]
[SourceVersion "1"]
[SourceVersionDate "2015.09.14"]
[SourceQuality "1"]
[WhiteTeam "Deniz Su Aquamatch"]
[BlackTeam "Istanbul Teknik Uni"]
[WhiteTeamCountry "TUR"]
[BlackTeamCountry "TUR"]

1. e4 e5 2. Nf3 Nc6 3. Bb5 Nf6 4. O-O Nxe4 5. d4 Nd6 6. Bxc6 dxc6 7. dxe5 Nf5
8. Qxd8+ Kxd8 9. h3 Bd7 10. Rd1 Be7 11. g4 Nh4 12. Nxh4 Bxh4 13. Nd2 Ke8 14.
Ne4 Rd8 15. Bf4 Be7 16. b3 Be6 17. c4 h6 18. Kg2 a5 19. Be3 h5 20. f3 hxg4 21.
hxg4 f5 22. exf6 gxf6 23. Rxd8+ Bxd8 24. Rd1 Kf7 25. Bd4 Rg8 26. Kf2 f5 27.
gxf5 Bxf5 28. Be5 Bxe4 29. fxe4 Ke6 30. Bf4 Rf8 31. Kg3 Rh8 32. Rd2 Bf6 33. Rh2
Rxh2 34. Kxh2 Be5 35. Kg3 Bd6 36. Kf3 c5 37. Bd2 b6 38. Bf4 Kf6 39. Kg4 Ke6 40.
Kg5 Be7+ 41. Kh5 Bd6 42. Kg4 Kf6 43. Kf3 Ke6 44. Bd2 Be5 45. Ke3 Kf6 46. Kd3
Ke6 47. Kc2 Kf6 48. Bc3 Bxc3 49. Kxc3 Ke5 50. Kd3 Kf4 51. a3 c6 52. a4 Kg5 53.
Ke3 Kg4 54. Ke2 Kf4 55. Kd3 Kg5 56. Ke3 1/2-1/2

[Event "TUR-chT"]
[Site "Kocaeli"]
[Date "2015.08.14"]
[Round "12.5"]
[White "Cheparinov, Ivan"]
[Black "So, Wesley"]
[Result "1-0"]
[WhiteElo "2690"]
[BlackElo "2779"]
[PlyCount "109"]
[EventDate "2015.08.04"]
[EventType "team-tourn"]
[EventRounds "13"]
[EventCountry "TUR"]
[SourceTitle "CBM 167 Extra"]
[Source "ChessBase"]
[SourceDate "2015.09.14"]
[SourceVersion "1"]
[SourceVersionDate "2015.09.14"]
[SourceQuality "1"]
[WhiteTeam "Turk Hava Yollari"]
[BlackTeam "Deniz Su Aquamatch"]
[WhiteTeamCountry "TUR"]
[BlackTeamCountry "TUR"]

1. d4 Nf6 2. c4 e6 3. Nf3 d5 4. g3 Bb4+ 5. Bd2 Be7 6. Bg2 O-O 7. O-O c6 8. Qc2
b6 9. Rd1 Nbd7 10. Bf4 Bb7 11. Ne5 Nh5 12. Bd2 Nhf6 13. cxd5 cxd5 14. Nc6 Bxc6
15. Qxc6 Rc8 16. Qb5 Ne8 17. Qd3 Nd6 18. Nc3 Nc4 19. Bc1 Bb4 20. e4 Bxc3 21.
bxc3 dxe4 22. Bxe4 Nf6 23. Bb7 Rc7 24. Ba6 Qd5 25. Rb1 Rd8 26. Bf4 e5 27. Bxe5
Nxe5 28. dxe5 Qxd3 29. Bxd3 Rcd7 30. Bc2 Rxd1+ 31. Rxd1 Rxd1+ 32. Bxd1 Ne4 33.
c4 a5 34. Bb3 g5 35. f3 Nc5 36. Bc2 h6 37. Kf2 f6 38. exf6 Kf7 39. Ke3 Kxf6 40.
f4 gxf4+ 41. Kxf4 Nd7 42. Ke4 Ke6 43. Bd1 Ne5 44. Be2 Nc6 45. a3 Ne7 46. h4 Kd6
47. g4 Ke6 48. g5 hxg5 49. hxg5 Ng6 50. Bg4+ Kd6 51. Bh5 Nf8 52. g6 Ne6 53. Bg4
Ng7 54. a4 Ke7 55. Kd5 1-0